| 000 | 00345nam a22001337a 4500 | ||
|---|---|---|---|
| 020 | _a9788172335373 | ||
| 082 |
_a631.584 _bPAL/OR |
||
| 100 |
_aPalaniappan S.P. _91185 |
||
| 100 |
_aAnnadurai K. _91186 |
||
| 245 | _aOrganic Farming : Theory and Practice | ||
| 260 |
_aJodhpur _bScientific Publishers (India) _c2012 |
||
| 300 | _a257 | ||
| 942 | _cBK | ||
| 999 |
_c14677 _d14677 |
||